000 00804nam a22003010a 4500
001 PT57515
003 AR-LpoUNG
005 20210131231815.0
008 191001s2010||||ag |||||||||||||||||spa d
020 _a9789871518937
_c$6
040 _aAR-LpoUNG
_bspa
_cAR-LpoUNG
_eaacr
041 _aspa
044 _aag
082 0 _aA861 557mar
100 1 _aHernández, José
245 1 0 _aMartín Fierro :
_bel gaucho Martín Fierro : la vuelta de Martín Fierro
250 _a1ra. ed.
260 _aVilla María :
_bEduvim,
_c2010.
300 _a294 p. :
_btbls., fot.
650 4 _aARGENTINA
650 4 _aLITERATURA
650 4 _aPOESIA
651 4 _aDOCUMENTOS TEORICOS O METODOLOGICOS
653 _aLITERATURA ARGENTINA
653 _aPOESIA GAUCHESCA
905 _a57515
942 _cLIB
999 _c12076
_d12076